| 000 | 00845nas a2200277 4500 | ||
|---|---|---|---|
| 001 | BR0701308 | ||
| 003 | BR-BrBNA | ||
| 005 | 20231205110637.0 | ||
| 007 | ta | ||
| 008 | 230509b bl.|||p| |||| 00| 00por d | ||
| 040 |
_aBR-BrBNA _bpor _cBiblioteca Nacional de Agricultura |
||
| 041 | _a(Pt) | ||
| 072 | _aK70 | ||
| 100 | 1 | _aSantos, J.F. | |
| 100 | 1 | _aSoares, R.V. | |
| 100 | 1 | _aBatista, A.C. | |
| 245 | 1 | _aPerfil dos incêndios florestais no Brasil em áreas protegidas no período de 1998 a 2002 | |
| 650 | _aINCÊNDIO FLORESTAL | ||
| 650 | _aLEVANTAMENTO | ||
| 650 | _aANÁLISE ESTATÍSTICA | ||
| 650 | _aDADOS ESTATÍSTICOS | ||
| 650 | _aPROTEÇÃO FLORESTAL | ||
| 773 | 0 |
_tFloresta (Brazil) _xISSN 0015-3826 _g(Jan-Apr 2006), v. 36(1) p. 93-100 _wBR0701308 |
|
| 909 |
_a202311 _bLúcia _c55 _dLúcia Elande |
||
| 942 |
_2AGRIS _n0 _cANA |
||
| 999 |
_c188335 _d188335 |
||